| 000 | nam a22 a 4500 | ||
|---|---|---|---|
| 999 |
_c1829 _d1829 |
||
| 003 | AKMAL | ||
| 005 | 20170512100613.0 | ||
| 008 | 170512s1986 my 00 may d | ||
| 020 | _a967925142x | ||
| 040 |
_aAKMAL _cAKMAL |
||
| 082 | 0 | 4 | _a346.1 AUN |
| 090 | 0 | 0 |
_a346.1 _bAUN |
| 100 | 0 |
_aWu, Min Aun _93693 |
|
| 245 | 1 | 0 |
_aUndang-undang perdagangan Malaysia / _cWu Min Aun & Beatrix Vohrah |
| 260 |
_aKuala Lumpur : _bHeinemann(M), _c1986 |
||
| 300 | 0 | 0 |
_axxxv, 326ms. ; _c22cm |
| 650 | 0 |
_aCommercial law _zMalaysia _93703 |
|
| 700 | 1 |
_aVohrah, Beatrix _93726 |
|
| 942 |
_2ddc _cBOOK |
||